1424 1220 1829 1835 1442 1137 1104 1252 1470 1705 1480 1509 1893 1812 1697 1978 1351 1098 1863 1453 1209 1334 1552 1708 1420 1664 1806 1500 1738 1536 1858 1556 1711 1390 1588 1878 1435 1111 1799 1008 1231 1119 1845 1735 1931 1017 1784 1999 1227 1066 1233 1613 1156 1655 1542 1173 1334 1811 1912 1762 1816 1632 1352 1093 1019 1395 1103 1921 1731 1214 1237 1046 1680 1752 1402 1433 1292 1818 1695 1223 1070 1968 1626 1433 1462 1630 1034 1271 1534 1305 1536 1154 1803 1473 1882 1212 1314 1125 1066 BCNSPRNW ULIB Ver.6.0+V

เปลี่ยนเป็นภาษาไทย

Change to English
 แสดงรายละเอียดบรรณานุกรม
  กลับหน้าหลัก

Brief Record : Get Marc (ISO 2709) : E-mail record : QR code < ปิดหน้าต่าง
LEADER : 00000nas 2200000uu 4500
001    13399125248
003     ULIB
008    161128s2559||||th 000 0 tha d
022 0  ^a01258435
110 1  ^aมหาวิทยาลัยสงขลานครินทร์
245 00 ^aวารสารวิชาการทางวิทยาศาสตร์สุขภาพ/^bSongklanagarind Medical Journal official journal health science/^cมหาวิทยาลัยสงขลานครินทร์
260    ^aสงขลา:^bมหาวิทยาลัยสงขลานครินทร์
310    ^aรายสองเดือน
850 ^a ULIB^bปีที่34 34 ฉบับที่6 5 ฉ.1 ;ฉ.1 ;ปีที่34 35 ฉบับที่6 1 ฉ.1 ;ปีที่34 35 ฉบับที่6 2 ฉ.1 ;ปีที่34 35 ฉบับที่6 3 ฉ.1 ;ปีที่34 35 ฉบับที่6 4 ฉ.1 ;ปีที่34 36 ฉบับที่6 1 ฉ.1
945    ^p0^l0^i904217
945    ^p0^l0^i904298
945    ^p0^l0^i904378
945    ^p0^l0^i904525
945    ^p0^l0^i904641
945    ^p0^l0^i904761
945    ^p0^l0^i904854
999    ^aวรรณษา ชูชัยมงคล
รายการนี้ยังไม่มีแท็ก
คุณยังไม่ได้ล็อกอิน คุณสามารถมีกิจกรรมร่วมกับเว็บไซต์ได้ แต่ต้องล็อกอินก่อน ::
  ล็อกอิน

รายการสื่อสารสนเทศ (วารสาร)

ดูแบบ: กล่อง รายการ
ARRIVED
ปีที่34 34 ฉบับที่6 5 ฉ.1
สถานที่: ห้องสมุดวิทยาเขตสวรรค์ประชารักษ์ >หนังสือพิมพ์
ARRIVED
ฉ.1
สถานที่: ห้องสมุดวิทยาเขตสวรรค์ประชารักษ์ >หนังสือพิมพ์
ARRIVED
ปีที่34 35 ฉบับที่6 1 ฉ.1
สถานที่: ห้องสมุดวิทยาเขตสวรรค์ประชารักษ์ >หนังสือพิมพ์
ARRIVED
ปีที่34 35 ฉบับที่6 2 ฉ.1
สถานที่: ห้องสมุดวิทยาเขตสวรรค์ประชารักษ์ >หนังสือพิมพ์
ARRIVED
ปีที่34 35 ฉบับที่6 3 ฉ.1
สถานที่: ห้องสมุดวิทยาเขตสวรรค์ประชารักษ์ >วารสาร
ARRIVED
ปีที่34 35 ฉบับที่6 4 ฉ.1
สถานที่: ห้องสมุดวิทยาเขตสวรรค์ประชารักษ์ >วารสาร
ARRIVED
ปีที่34 36 ฉบับที่6 1 ฉ.1
สถานที่: ห้องสมุดวิทยาเขตสวรรค์ประชารักษ์ >วารสาร

BibComment


ยังไม่เคยถูกคอมเมนท์

คอมเมนท์ทรัพยากรรายการนี้
  คอมเมนท์: วารสารวิชาการทาง..


 Copyright 2026. Bcnsprnw @Library